Sistemas de información gerencial (Registro nro. 472)
[ vista simple ]
| 000 -LEADER | |
|---|---|
| fixed length control field | 01638 a2200277 4500 |
| 001 - CONTROL NUMBER | |
| control field | 10510 |
| 005 - DATE AND TIME OF LATEST TRANSACTION | |
| control field | 20260407155439.0 |
| 008 - FIXED-LENGTH DATA ELEMENTS--GENERAL INFORMATION | |
| fixed length control field | 260407a2011 arg spa d |
| 003 - CONTROL NUMBER IDENTIFIER | |
| control field | AR-UNSa-BCEJYS |
| 040 ## - CATALOGING SOURCE | |
| Original cataloging agency | AR-UNSa-BCEJYS |
| Language of cataloging | spa |
| Transcribing agency | AR-UNSa-BCEJYS |
| 080 ## - UNIVERSAL DECIMAL CLASSIFICATION NUMBER | |
| Universal Decimal Classification number | 658.011.56 |
| Common auxiliary subdivision | Automatización |
| 020 ## - INTERNATIONAL STANDARD BOOK NUMBER | |
| International Standard Book Number | 978-987-615-187-0 |
| 041 ## - LANGUAGE CODE | |
| Language code of text/sound track or separate title | spa |
| 100 1# - MAIN ENTRY--PERSONAL NAME | |
| Personal name | Briano, Juan Carlos V. |
| 245 10 - TITLE STATEMENT | |
| Title | Sistemas de información gerencial |
| Name of part/section of a work | tecnologías para agregar valor a las organizaciones |
| 264 #1 - PRODUCTION, PUBLICATION, DISTRIBUTION, MANUFACTURE, AND COPYRIGHT NOTICE | |
| Place of production, publication, distribution, manufacture | Buenos Aires : |
| Name of producer, publisher, distributor, manufacturer | Pearson Education |
| Date of production, publication, distribution, manufacture, or copyright notice | 2011 |
| 300 ## - PHYSICAL DESCRIPTION | |
| Extent | xix, 331 p. |
| Dimensions | 27 cm. |
| 505 ## - FORMATTED CONTENTS NOTE | |
| Formatted contents note | 1. La era digital y la sociedad del conocimiento - 2. La información como recurso estratégico - 3. Rl rol del profesional de ciencias económicas en las TICs - 4. Clasificación tradicional de los sistemas de información - 5. La integración de los sistemas de información - 6. Comercio electrónico y nuevos modelos de negocio - 7. Hardware - 8. Software - 9. Comunicaciones y redes - 10. Recursos de datos - 11. Ciclo de vida y modelo de desarrollo - 12. Metodologías de análisis y diseño - 13. Estrategia de sistemas y tecnologías de información - 14. Administración de proyectos y recursos informáticos - 15. Decisiones de inversión en TICs: Impacto económico y de negocios |
| 590 ## - LOCAL NOTE (RLIN) | |
| Local note | niveau_biblio:m niveau_hierar:0 |
| 700 1# - ADDED ENTRY--PERSONAL NAME | |
| Personal name | Freijedo, Claudio Felipe |
| 700 1# - ADDED ENTRY--PERSONAL NAME | |
| Personal name | Rota, Pablo |
| 700 1# - ADDED ENTRY--PERSONAL NAME | |
| Personal name | Tricoci, Guillermo Alberto |
| 700 1# - ADDED ENTRY--PERSONAL NAME | |
| Personal name | Waldbott De Bassenheim, Carlos |
| 856 41 - ELECTRONIC LOCATION AND ACCESS | |
| Uniform Resource Identifier | <a href="https://biblioeco.unsa.edu.ar/pmb/images/libros/Sistemas de informacion gerencil2-l118794.jpg">https://biblioeco.unsa.edu.ar/pmb/images/libros/Sistemas de informacion gerencil2-l118794.jpg</a> |
| Link text | Imagen de portada |
| Electronic format type | image/jpeg |
| 942 ## - ADDED ENTRY ELEMENTS (KOHA) | |
| Koha item type | |
| Withdrawn status | Lost status | Damaged status | Not for loan | Home library | Current library | Shelving location | Date acquired | Total checkouts | Full call number | Barcode | Date last seen | Price effective from | Koha item type |
|---|---|---|---|---|---|---|---|---|---|---|---|---|---|
| Biblioteca Prof. Eusebio Cleto del Rey | Biblioteca Prof. Eusebio Cleto del Rey | 07/04/2026 | 658.011.56 S623 | L118801 | 07/04/2026 | 07/04/2026 | Libro | ||||||
| Biblioteca Prof. Eusebio Cleto del Rey | Biblioteca Prof. Eusebio Cleto del Rey | 07/04/2026 | 658.011.56 S623 | L118799 | 07/04/2026 | 07/04/2026 | Libro | ||||||
| Biblioteca Prof. Eusebio Cleto del Rey | Biblioteca Prof. Eusebio Cleto del Rey | 07/04/2026 | 658.011.56 S623 | L118800 | 07/04/2026 | 07/04/2026 | Libro | ||||||
| Biblioteca Prof. Eusebio Cleto del Rey | Biblioteca Prof. Eusebio Cleto del Rey | 07/04/2026 | 658.011.56 S623 | L118798 | 07/04/2026 | 07/04/2026 | Libro | ||||||
| Biblioteca Prof. Eusebio Cleto del Rey | Biblioteca Prof. Eusebio Cleto del Rey | 07/04/2026 | 658.011.56 S623 | L118803 | 07/04/2026 | 07/04/2026 | Libro | ||||||
| Biblioteca Prof. Eusebio Cleto del Rey | Biblioteca Prof. Eusebio Cleto del Rey | 07/04/2026 | 658.011.56 S623 | L118794 | 07/04/2026 | 07/04/2026 | Libro | ||||||
| Biblioteca Prof. Eusebio Cleto del Rey | Biblioteca Prof. Eusebio Cleto del Rey | 07/04/2026 | 658.011.56 S623 | L118797 | 07/04/2026 | 07/04/2026 | Libro | ||||||
| Biblioteca Prof. Eusebio Cleto del Rey | Biblioteca Prof. Eusebio Cleto del Rey | 07/04/2026 | 658.011.56 S623 | L118796 | 07/04/2026 | 07/04/2026 | Libro | ||||||
| Biblioteca Prof. Eusebio Cleto del Rey | Biblioteca Prof. Eusebio Cleto del Rey | 07/04/2026 | 658.011.56 S623 | L118802 | 07/04/2026 | 07/04/2026 | Libro |